00402 a2200145 450000500170000002000180001708200120003510000180004724500280006525000120009326000370010530000740014270000200021670000200023620250614081845.0 a0-07-232054-0 a650 NIC aNICKELS, G. W aUnderstanding Business  a6th Ed. aBostonbMcGraw-Hill Irwinc2002. axxxvii, 710p.: ill.; figures, tables, picturesbIndex, Glossaryc28cm aJames m. McHugh aSusan M. McHugh